Analysis of structures : (Record no. 234708)

000 -LEADER
fixed length control field nam a22 7a 4500
003 - CONTROL NUMBER IDENTIFIER
control field Nust
005 - DATE AND TIME OF LATEST TRANSACTION
control field 20170329155515.0
008 - FIXED-LENGTH DATA ELEMENTS--GENERAL INFORMATION
fixed length control field 170329b xxu||||| |||| 00| 0 eng d
040 ## - CATALOGING SOURCE
Transcribing agency DLC
082 ## - DEWEY DECIMAL CLASSIFICATION NUMBER
Classification number 624.17 THA
100 ## - MAIN ENTRY--PERSONAL NAME
Personal name Thandavamoorthy, T. S.
245 ## - TITLE STATEMENT
Title Analysis of structures :
260 ## - PUBLICATION, DISTRIBUTION, ETC.
Place of publication, distribution, etc. New Delhi ; New York :
Name of publisher, distributor, etc. Oxford University Press,
300 ## - PHYSICAL DESCRIPTION
Extent viii, 860 p. :
942 ## - ADDED ENTRY ELEMENTS (KOHA)
Source of classification or shelving scheme
Koha item type Book
Holdings
Withdrawn status Lost status Source of classification or shelving scheme Damaged status Not for loan Permanent Location Current Location Date acquired Total Checkouts Full call number Barcode Date last seen Date last checked out Price effective from Koha item type
          School of Civil and Environmental Engineering (SCEE) School of Civil and Environmental Engineering (SCEE) 03/29/2017 1 624.17 THA NIT-7379 10/19/2023 10/22/2019 03/29/2017 Book
© 2023 Central Library, National University of Sciences and Technology. All Rights Reserved.